000 00873cam a22002413a 4500
001 32474
003 PGUSA
005 20140828083713.0
008 100521s2010||||xxu|||||s|||||000 | eng d
040 _aPGUSA
_beng
042 _adc
050 4 _aF1201
100 1 _aDíaz del Castillo, Bernal,
_d1496-1584
245 1 4 _aThe Memoirs of the Conquistador Bernal Diaz del Castillo, Vol 1 (of 2) :
_bWritten by Himself Containing a True and Full Account of the Discovery and Conquest of Mexico and New Spain.
_h[electronic resource] /
_cBernal Díaz del Castillo
260 _bProject Gutenberg,
_c2010
506 _aPublic domain in the USA.
516 _aElectronic text
653 _aMexico -- History -- Conquest, 1519-1540
700 1 _aLockhart, John Ingram
830 0 _aProject Gutenberg
_v32474
856 4 0 _uhttp://www.gutenberg.org/ebooks/32474
942 _cEB
999 _c261729
_d261729